Name a Bordering Country Quiz Stats

 Plays Quiz Updated Nov 14, 2017

Challenge
Share
Tweet
Embed
Score 0/22 Timer 03:00
4 Plays Today
Country Bordering Country % Correct
USACanada and Mexico
99.6%
South KoreaNorth Korea
99.1%
PortugalSpain
98.9%
United KingdomIreland
95.3%
CzechiaGermany, Poland, Slovakia, and Austria
91.1%
UzbekistanKazakhstan, Kyrgyzstan, Tajikistan, Turkmenistan, and Afghanistan
87.6%
YemenSaudi Arabia and Oman
87.4%
EcuadorColombia and Peru
86.4%
UruguayArgentina and Brazil
83.4%
EstoniaLatvia and Russia
83.3%
SyriaLebanon, Turkey, Iraq, Jordan, and Israel
83.2%
Country Bordering Country % Correct
LesothoSouth Africa
81.2%
PanamaCosta Rica and Colombia
81.2%
CambodiaLaos, Vietnam, and Thailand
78.6%
HaitiDominican Republic
76.2%
El SalvadorHonduras and Guatemala
73.4%
TunisiaAlgeria and Libya
72.6%
EritreaDjibouti, Ethiopia, and Sudan
71.4%
MoldovaUkraine and Romania
68.2%
Papua New GuineaIndonesia
66.5%
Sierra LeoneGuinea and Liberia
62.4%
The GambiaSenegal
56.1%

You're not logged in!

Compare scores with friends on all Sporcle quizzes.
Join for Free
OR
Log In

You Might Also Like...

Show Comments

Extras

Top Quizzes Today


Score Distribution

Your Account Isn't Verified!

In order to create a playlist on Sporcle, you need to verify the email address you used during registration. Go to your Sporcle Settings to finish the process.

Report this User

Report this user for behavior that violates our Community Guidelines.

Details: